000 00505nam a22001697a 4500
003 BUBTL
008 160312b xxu||||| |||| 00| 0 eng d
082 _a004.0151 / L5281m
100 _9488
_aLehman,Eric
245 _aMathematics for Computer Science /
_cEric Lehman
260 _aUSA :
_bCreative Commons,
_cc2013.
300 _a847 p. :
_c21 cm.
650 0 _aComputer Science
_93103
856 _k0
_l0
_yDownload
942 _2ddc
_cBK
999 _c5184
_d5184